Ivories in Assyrian Style : Commentary, Catalogue and plates /
محفوظ في:
المؤلف الرئيسي:
مؤلفون آخرون:
التنسيق: كتاب
اللغة: English
سلاسل:
Ivories from Nimrud ;
2.
الموضوعات:
الوسوم: إضافة وسم
لا توجد وسوم, كن أول من يضع وسما على هذه التسجيلة!
رقم الطلب: ( F )NK5973.6 .I718 v.2
| LEADER | 01174namaa2200301 4500 | ||
|---|---|---|---|
| 003 | OSt | ||
| 005 | 20200402083043.0 | ||
| 008 | 160517s1970 enkaf b 001 0 eng d | ||
| 952 | |0 0 |1 0 |2 lcc |3 V.2 |4 0 |7 1 |9 950 |a ARCE |b ARCE |d 2020-04-02 |l 0 |o ( F )NK5973.6 .I718 v.2 |p 1024010 |r 2020-04-02 00:00:00 |w 2020-04-02 |y BK | ||
| 999 | |c 2206 |d 2206 | ||
| 040 | |c ARCE Library | ||
| 043 | |a a-iq--- | ||
| 050 | |a ( F )NK5973.6 .I718 v.2 | ||
| 100 | 1 | |a Mallowan, M. E. L. |q (Max Edgar Lucien), |e author |9 35267 | |
| 245 | 1 | 0 | |a Ivories in Assyrian Style : |b Commentary, Catalogue and plates / |c Max Edgar L. Mallowan, Leri Glynne Davies. |
| 264 | 1 | |a London : |b British School of Archaeology in Iraq, |c 1970. | |
| 300 | |a 60 pages, [46] pages of plates : |b illustrations ; |c 32 cm. | ||
| 336 | |a text |b txt |2 rdacontent | ||
| 337 | |a unmediated |b n |2 rdamedia | ||
| 338 | |a volume |b nc |2 rdacarrier | ||
| 490 | 1 | |a Ivories from Nimrud ; |v 2. | |
| 504 | |a Includes bibliographical references (page 55) and index. | ||
| 650 | 0 | |a Ivories, Assyro-Babylonian. | |
| 651 | 0 | |a Iraq |x Antiquities |v Catalogs. | |
| 700 | 1 | |a Davies, Leri Glynne. | |
| 830 | 0 | |a Ivories from Nimrud ; |v 2. | |
| 901 | |a reviewed | ||
| 942 | |c BK |2 lcc | ||
